000 00479nam a2200205Ia 4500
003 LK-CoDNM
005 20240212111846.0
008 010623t1945 xxu||||| |||| 00| 1 sin d
040 _aLK-CoDNM
_dLK-CoDNM
_eLK-CoDNM
041 _asin
080 _a104
_bR 27
245 _aවීර ලංකා
246 _aVeera Lanka
260 _bEpothikary
_aColombo
_c1945
300 _b14, 21 cm
650 _aKalutara
650 _aMiddle-east
650 _aWar
942 _cBK
999 _c100642
_d100642